• 首页
  • 本馆介绍
  • 公告通知
  • 最新文献
  • 馆藏检索
  • 电子资源
  • 读者导购
  • 参考咨询
  • 我的图书馆
  • 登录
  • 详细信息显示
  • 放入我的书架
  • 预约/预借图书
  • 作者相关作品
  • 分类相关作品
  • 丛书相关作品
  • 出版社相关作品

书目信息

  • 表格格式
  • 工作单格式
  • 卡片格式
书名: Classical electrodynamics
作者: John David Jackson.
分册号:
分册名:
出版地: New York :
 
出版社: Wiley
出版时间: c1999.
页数: 848 p. :
开本: 26 cm.
丛书名:
中图分类号:
科图分类号:
其他分类号: O44:H31
主题词:
电子资源: http://www.loc.gov/catdir/description/wiley033/97046873.html      http://www.loc.gov/catdir/toc/onix04/97046873.html     
000 01254pam 2200289 a 4500
001 E0731631511
005 20070301084954.89
008 971204s1999 nyua b 001 0 eng
010    @a 97046873
020    @a047130932X (cloth : acid-free paper) :@cCNY5.30.
035    @A(DLC) 97046873
040    @aDLC@cDLC@dDLC
090    @aO44:H31
099    @dO44:H31@ex29
100 1  @aJackson, John David,@d1925-
245 10 @aClassical electrodynamics / @cJohn David Jackson.
260    @aNew York :@bWiley,@cc1999.
300    @a848 p. :@bill. ;@c26 cm.
504    @aIncludes bibliographical references (p. 785-790) and index.
650  0 @aElectrodynamics.
700    @aJackson,John David .
856 2  @3 Publisher description@uhttp://www.loc.gov/catdir/description/wiley033/97046873.html
856    @3 Table of Contents@uhttp://www.loc.gov/catdir/toc/onix04/97046873.html
906    @a7@bcbc@corignew@d1@eocip@f19@gy-gencatlg
955    @apc17 to ja00 12-04-97; je43 12-04-97 to je08; 05Dec97 JE08 to SL; je05 to DDC 12-08-97;aa05 12-10-97; jk00 08-04-98; CIP ver. jk14 09-03-98
991    @br-SciRR@hQC631@i.J3 1999@tCopy 1@wGenBib bi 99-007241
991    @bc-GenColl@hQC631@i.J3 1999@p00054406162@tCopy 1@wBOOKS
    
    Classical electrodynamics / / John David Jackson.-New York : : Wiley, , c1999.
    848 p. : : ill. ; ; 26 cm.
    Includes bibliographical references (p. 785-790) and index.
    
    ISBN 047130932X (cloth : acid-free paper) :CNY5.30.
    
●
相关链接 在E读中查询图书 在五车中查询图书 在当当中查询图书 在豆瓣中查询图书


正题名:Classical electrodynamics     索取号:O44:H31/x29         预约/预借

序号 登录号 条形码 馆藏地/架位号 状态 备注
1 47900   000638395   第四借阅区/ [索取号:O44:H31/x29] 在馆    
唐山师范学院图书馆 欢迎您!
大连网信软件有限公司© 版权所有